1724 1999 1477 1882 1868 1471 1972 1769 1626 1402 1416 1050 1708 1363 1024 1448 1588 1598 1614 1621 1292 1575 1357 1449 1654 1307 1365 1997 1336 1233 1357 1108 1126 1009 1185 1222 1723 1741 1140 1063 1041 1864 1728 1480 1220 1424 1394 1522 1238 1260 1162 1901 1279 1967 1833 1213 1400 1281 1937 1192 1475 1733 1147 1389 1787 1809 1131 1835 1350 1829 1831 1057 1117 1360 1100 1210 1167 1444 1197 1700 1481 1934 1216 1021 1570 1751 1893 1633 1146 1064 1544 1822 1217 1025 1097 1398 1233 1191 1101 BCNSPRNW ULIB Ver.6.0+V

เปลี่ยนเป็นภาษาไทย

Change to English
 แสดงรายละเอียดบรรณานุกรม
  กลับหน้าหลัก

Brief Record : Get Marc (ISO 2709) : E-mail record : QR code < ปิดหน้าต่าง
LEADER : 00000nam 2200000uu 4500
001    13399127910
003     ULIB
008    211108s2563||||th 000 0 tha d
020    ^a9786165721400 (ล.7)
060 04 ^aWY152^bห321^cล.7
245 00 ^aหลักการพยาบาลผู้สูงอายุ^nเล่ม 7 :^bหลักเวชศาสตร์ฉุกเฉินและการจัดการเรื่องอุบัติเหตุสำหรับการดูแลผู้สูงอายุ /^cวิโรจน์ ไววานิชกิจ, บรรณาธิการ
246 31 ^aหลักเวชศาสตร์ฉุกเฉินและการจัดการเรื่องอุบัติเหตุสำหรับการดูแลผู้สูงอายุ
250    ^aพิมพ์ครั้งที่ 1
260    ^aกรุงเทพฯ :^bโรงพิมพ์จุฬาลงกรณ์มหาวิทยาลัย,^c2563
300    ^a88 หน้า :^bภาพประกอบ ;^c21 ซม.
504    ^aมีบรรณานุกรมและดรรชนี
505  0 ^aความรู้เบื้องต้นด้านเวชศาสตร์ฉุกเฉิน -- การกู้ชีพและการช่วยชีวิต -- อุบัติเหตุในผู้สูงอายุและการพยาบาล -- ภาวะฉุกเฉินที่มีความสำคัญในผู้สูงอายุ
650  4 ^aการพยาบาลเวชศาสตร์วัยชรา
650  4 ^aผู้สูงอายุ
650  4 ^aการพยาบาลผู้สูงอายุ
700 0  ^aวิโรจน์ ไววานิชกิจ,^eบรรณาธิการ
945    ^p460^l0^i29065
945    ^p460^l0^i29066
945    ^p460^l0^i29067
999    ^aกัณชพร จุลอักษร
รายการนี้ยังไม่มีแท็ก
คุณยังไม่ได้ล็อกอิน คุณสามารถมีกิจกรรมร่วมกับเว็บไซต์ได้ แต่ต้องล็อกอินก่อน ::
  ล็อกอิน

รายการสื่อสารสนเทศ

ลำดับที่ ประเภท เลขเรียก/บาร์โค้ด สถานที่ สถานะ
1. หนังสือสำรอง
หนังสือสำรอง
WY152 ห321 ล.7 ฉ.1 
  Barcode: 29065
ห้องสมุดวิทยาเขตนครสวรรค์
►หนังสือทั่วไป:l:General Books
บนชั้น
2. วิทยาศาสตร์การแพทย์ และสุขภาพ
วิทยาศาสตร์การแพทย์ และสุขภาพ
WY152 ห321 ล.7 ฉ.2 
  Barcode: 29066
ห้องสมุดวิทยาเขตนครสวรรค์
►หนังสือทั่วไป:l:General Books
บนชั้น
3. วิทยาศาสตร์การแพทย์ และสุขภาพ
วิทยาศาสตร์การแพทย์ และสุขภาพ
WY152 ห321 ล.7 ฉ.3 
  Barcode: 29067
ห้องสมุดวิทยาเขตนครสวรรค์
►หนังสือทั่วไป:l:General Books
บนชั้น

รายการใกล้เคียง
    หัวเรื่อง [การพยาบาลเวชศาสตร์วัยชรา]
    หัวเรื่อง [ผู้สูงอายุ]
    หัวเรื่อง [การพยาบาลผู้สูงอายุ]

BibComment


ยังไม่เคยถูกคอมเมนท์

คอมเมนท์ทรัพยากรรายการนี้
  คอมเมนท์: หลักการพยาบาลผู้..


 Copyright 2026. Bcnsprnw @Library